| 000 | 00426nam a22001697a 4500 | ||
|---|---|---|---|
| 005 | 20180208115108.0 | ||
| 008 | 160622b xxu||||| |||| 00| 0 eng d | ||
| 020 | _a0-07-463009-1 | ||
| 041 | _aeng | ||
| 082 |
_b9034 _a005.7585 |
||
| 100 |
_aAbbey, Michael and Corey, Michael J _94119 |
||
| 245 | _aOracle 8, A Beginners Guide | ||
| 260 |
_bTMH _c1998 _anew delhi |
||
| 300 | _a702 | ||
| 650 |
_aManagement _9241 |
||
| 942 | _cBK | ||
| 999 |
_c3568 _d3567 |
||